| 000 | 00780cam a2200229 4500 | ||
|---|---|---|---|
| 008 | 060921s2001 mdu 000 0 eng u | ||
| 020 | _a0810838923 | ||
| 035 | _aa456176 | ||
| 100 | 1 | _aGreenaways, Peter | |
| 245 | 1 | 0 |
_aPeter Greenaway´s postmodern/poststructuralist cinema / _c [edited by] Paula Willoquet-Maricondi, Mary Alemany-Galway. |
| 260 |
_aLanham, Maryland : _bThe Scarecrow, _c2001 |
||
| 300 |
_axxviii, 360 p. ; _c23 cm. |
||
| 504 | _aBibliografía . p. 329-352 | ||
| 504 | _aIncluye indice | ||
| 506 | _aRec. prop. esc. | ||
| 600 | 1 |
_aGreenaway, Peter _xCritica e interpretación |
|
| 700 | 1 |
_aWilloquet-Maricondi, Paula, _d1960- |
|
| 700 | 1 |
_aAlemania - Galway, Mary, _d1944- |
|
| 650 | _a | ||
| 942 |
_2lcc _cLIB |
||
| 999 |
_c130254 _d130254 |
||